Famous red and white stripe football (soccer) teams - Statistics

General Stats
  • This quiz has been taken 993 times
    711 since last reset
  • The average score is 5 of 18
Answer Stats
Hint Answer % Correct
England Sunderland
66%
Spain Athletic Bilbao
62%
Spain Atletico Madrid
62%
England Southampton
62%
England Stoke
56%
Netherlands PSV Eindhoven
50%
Greece Olympiacos
45%
England Sheffield United
40%
National team Paraguay
24%
USA Chivas USA
12%
Argentina Estudiantes de la Plata
11%
Mexico Guadalajara
10%
Denmark Aalborg
9%
Spain Sporting Gijon
9%
France Ajaccio
6%
Norway Tromso
4%
Argentina Union de Santa Fe
3%
Brazil Nautico Capibaribe
1%
No matching quizzes found
Score Distribution
Percent of People with Each Score
Percentile by Number Answered
Your Score History
You have not taken this quiz since the last reset